000 00653nac a22001691u 4500
020 _a0074637606
082 _a005.432
_bR8131
090 _c1574
_d1574
100 _aRosen, Kenneth H.
245 _aUNIX :
_bthe complete reference /
_cKenneth H. Rosen ... [et al.].
260 _aNew Delhi :
_bTata McGraw-Hill,
_c2003.
300 _axlii, 1302 p. :
_bill. ;
_c23 cm.
504 _aIncludes bibliographical references and index.
650 _aOperating systems (Computers).
942 _cBB
_k005.432R8131
999 _c1574
_d1574